000 00888cam a22002771 4500
999 _c127433
_d127433
001 7069820
003 ARRUPE
005 20180118092725.0
008 751028s1965 fr 000 0 fre
010 _a 66073094
035 _a(OCoLC)1740921
040 _aDLC
_cMCW
_dOCoLC
_dDLC
041 0 _afreeng
042 _apremarc
050 0 0 _aBV3630.B3
_bM8
100 0 _aMulago, Vincent
_938693
245 1 3 _aUn visage africain du christianisme,
_bl'union vitale bantu face à l'unité vitale ecclésiale.
_cVincent Mulago
260 _aParis,
_bPrésence africaine,
_c1962.
300 _a264 p.
_c22 cm.
490 0 _aCulture et religion
500 _aSummary in English.
504 _aBibliography: p. 245-259.
650 0 _aBantu-speaking peoples
_xMissions.
_938694
906 _a7
_bcbc
_coclcrpl
_du
_encip
_f19
_gy-gencatlg
942 _2lcc
_cMONOGRAPH